| 000 | 00873cam a22002534a 4500 | ||
|---|---|---|---|
| 001 | 14656245 | ||
| 005 | 20160516104053.0 | ||
| 008 | 061205s2006 moua b 001 0 eng | ||
| 010 | _a 2006287013 | ||
| 020 | _a0323028748 | ||
| 020 | _a9780323028745 | ||
| 082 | 0 | 0 |
_a617.692 _222 _bROS |
| 100 | 1 |
_932531 _aRosenstiel, Stephen F. |
|
| 245 | 1 | 0 |
_aContemporary Fixed Prosthodontics / _cStephen F. Rosenstiel, Martin F. Land, Junhei Fujimoto ; artwork by Krystyna Srodulski ; photographic services by James Cockerill. |
| 250 | _a4th ed. | ||
| 260 |
_aSt. Louis, Mo. : _bMosby/Elsevier, _cc2006. |
||
| 300 |
_axiii, 1130 p. : _bill. (some col.) ; _c29 cm. |
||
| 650 | 0 |
_aBridges (Dentistry) _932532 |
|
| 650 | 0 |
_aCrowns (Dentistry) _932533 |
|
| 653 |
_bDent _cFebruary2013 |
||
| 700 | 1 |
_aLand, Martin F. _932534 |
|
| 700 | 1 |
_aFujimoto, Junhei. _932535 |
|
| 942 |
_2ddc _cDN |
||
| 999 |
_c17272 _d17244 |
||